000 00353nam a22001457a 4500
999 _c258911
_d258910
003 OSt
005 20200803103308.0
008 200803b xxu||||| |||| 00| 0 eng d
020 _a8170002028
040 _cN/A
100 _aSewa Singh
245 _aColon Classification practice
260 _aNew Delhi
_bEss Ess Publications
_c1996
942 _2lcc
_cBK